[Event "New Jersey Open Championship"]
[Site "New Jersey (USA)"]
[Date "1957.09.02"]
[Round "7"]
[White "Bobby Fischer (USA)"]
[Black "James Sherwin (USA)"]
[Result "1-0"]
[WhiteElo "2760"]
[BlackElo "2370"]
[Annotator "Eric Schiller"]
[Source ""]
[Remark "Kingside Attack"]

1.e4 c5 2.Nf3 e6 3.d3 {
Normally, White moves the pawn to d4 here. Fischer decides to play a "closed"
system. There will be no early skirmishes. Both players will get their pieces into the game before the real battles begin.}
Nc6 4.g3 Nf6 5.Bg2 {
The fomation on the kingside is known as a "fianchetto". The bishop sits inside
the triangle of pawns, defending important squares at f3 and h3 that were
weakened when the pawn moved up to g3. The bishop can eventually operate along
the a8-h1 diagonal, but should generally remain in place for defensive purposes.}
Be7 6.O-O O-O 7.Nbd2 {The knight moves to this square, temporarily, because the natural home at c3 is destined to be occupied by a pawn.}
{} Rb8 {
Fischer notes that Sherwin slid the rook to this square with his pinky, as if
to underline the mystery of the move. It isn't the best, however. In 1967, the
Mongolian player Miagmarsuren showed a better plan against Bobby at the Interzonal Tournament in Sousse, Tunisia.}
( 7...d5 {is the natural move in the Sicilian Defense. In this case, play would take
place in the French Defense, which normally starts 1.e4 e6. The game against Miagmarsuren continued}
8.Re1 b5 9.e5 Nd7 10.Nf1 b4 11.h4 a5 {
with play on opposite wings. The position is satisfactory for both players, who
can attack at will. If White cannot take out the enemy king, Black's queenside advances will soon lead to a superior game.}
) 8.Re1 d6 9.c3 {
This is played to prepare the advance of the d-pawn to d4. Then, if it is
captured by Black's c-pawn, White will be able to recapture with the pawn.}
{} b6 10.d4 {
This establishes the "ideal pawn center". The pawns in the center control many
important squares along the fifth rank. Black can't use those squares to
maneuver pieces. White uses a strategy of attacking on the kingside, since
Black cannot easily manuever forces into defensive positions.}
Qc7 {?!} {With this move, Black evacuates the d-file and prepares to transfer a rook to
d8, to support action in the center. The queen adds support to d5, which
already is covered by the knight at c6 and pawn at d6. But White, with a pawn
at d4, rook at e1 and knight at f3, has equal influence there.}
( 10...cxd4 11.cxd4 {and now instead of Fischer's proposed ...d5, Huebner's}
Bb7 {would lead to a modern style position with pressure} {against White's center. When the game was played,}
{such an approach would have been considerd too much} {of a concession.}
) 11.e5 {!} {
Fischer takes control of e5, and chases the knight from f6. This means that the
kingside pawns are defended only by the king himself. That's always a dangerous situation.}
{} Nd5 {
If the knight retreats to d7, then White uses the same strategy seen in the
game, and it is even worse for Black, since the knight is awkwardly placed.
Sherwin might have tried capturing the pawn and then retreating the knight.}
12.exd6 Bxd6 13.Ne4 {!} {Black is faced with a dilemma. There are no good options.}
c4 ( 13...Be7 14.c4 Nf6 15.Bf4 {skewers Black's queen and rook.} )
( 13...cxd4 14.Nxd6 Qxd6 15.c4 {!} Nf6 {(or ...Nde7)} 16.Bf4
{is a variation on the same theme.} ) 14.Nxd6 Qxd6 {
Black has parted with the useful dark square bishop and is left with a "bad
bishop" at c8. Perhaps the remaining bishop can be used on the a8-h1 diagonal,
eventually, but Black can't afford slow plans if his kingside is under attack. So Bobby starts to move in for the kill.}
15.Ng5 {!} {The knight stares menacingly at h7.} {} Nce7
{Sherwin rushes his knight to the kingside, to help with the defense. This is a
wise strategy, in general. In this particular position, Black should definitely kick out the invading knight right away.}
{?} 16.Qc2 {!} {
The queen is a long range piece and can attack as effectively from c2 as from
h5, where it might get chased away by ...Nf6. Fischer threatens immediate checkmate at h7.}
Ng6 17.h4 {The pawn plays a major role in the attack. It threatens to chase the enemy knight from g6, allowing checkmate at h7.}
Nf6 {} 18.Nxh7 {!} {
Fischer does not hesitate to sacrifice the knight. He was able to calculate all
the possible defenses, of course. For mere mortals, the calculations might be
difficult, but all you really need to see is that Black will not be able to
control f4, and that means that White will get a bishop there, and win material at some point.}
Nxh7 19.h5 {The knight must move and White gains access to the critical square.}
Nh4 20.Bf4 Qd8 {
White could now simply capture the rook at b8, but then Black would eliminate
the bishop at g2 and White's king might find himself in some danger. Fischer is
intent on a kingside attack, and cannot be bought off by mere material.}
{} 21.gxh4 {!} Rb7 {!} {
A clever move. Black offers the rook to the White bishop at g2. This bishop is
needed for defense, so Bobby resists the temptation and continues with the attack.}
22.h6 {!} {Black is faced with a difficult decision. Bobby does have}
{a way of making opponents feel uncomfortable!} Qxh4
( 22...g6 23.h5 {is hopless.} ) ( 22...f5 {is proposed by Huebner but after}
23.Bxb7 Bxb7 24.f3 {!} {White can bring the queen to defend the kingside, and th}
{consequences of capturing at f3 are disastrous.} Bxf3 25.Re3
{!} Be4 26.Qh2 {and soon the rook at a1 will join the battle and finish}
{things off.} ) 23.hxg7 {!} {The second of the three barrier pawns is removed. Black is going to have to defend the king with more important pieces.}
Kxg7 {?} {Black missed a trick here. By moving the rook to d8, the White pawn could be
used as a shield against attack! Sometimes an enemy piece can actually help defend.}
24.Re4 {Fischer uses a "rook lift" to get the rook to a position where it can joing the
attack. Once the bishop moves from f4, the rook can move along the fouth rank.
If Black isn't careful, the game will be over quickly after the bishop moves to
e5 with check. Black has to do something about the check, so White will then
capture the queen at h4. This tactic is known as a "discovered attack".}
{} Qh5 25.Re3 {
Since Sherwin didn't fall for the trick, and still covers g4, the rook slides
back, ready to slip over to the g-file or h-file.} f5 {
Necessary, to enable the king to flee to the center without leaving the knight
at h7 subject to attack. The threat was simply Rh3.} 26.Rh3 Qe8
27.Be5+ {Once again, Fischer rejects the materialistic win of the exchange, this time
via Bh6+, in favor of a continuing attack. He could even have grabbed two
exchanges, capturing at b7 as well. But then he wouldn't be able to use the
attacking force of his bishops. The bishops are just as strong as the rooks.}
{} Nf6 {The only move.} ( 27...Kg8 28.Rg3+ Kf7 29.Rg7# )
28.Qd2 Kf7 29.Qg5 Qe7 ( 29...Ke7 30.Rh7+ {wins. The knight at f6 is pinned, so the rook cannot be captured.}
Rf7 31.Qxf6+ {!} {Here it is the rook at f7 that is pinned by its counterpart at h7.}
) 30.Bxf6 Qxf6 31.Rh7+ {White is going to pick off the Black rook at b7, after the queens come off.}
Ke8 32.Qxf6 Rxh7 ( 32...Rxf6 33.Bxb7 Bxb7 34.Rxb7 {leaves Black a rook down.}
) 33.Bc6+ {
Sherwin resigned, because if the bishop interposes at d7, White simply plays
Qxe6+ and the queen cannot be captured because the bishop is pinned.}
{} { } 1-0

[Event "Capablanca Memorial"]
[Site "Havana (Cuba)"]
[Date "1965.06.26"]
[Round "2"]
[White "Bobby Fischer (USA)"]
[Black "Vassily Smyslov (RUS)"]
[Result "1-0"]
[WhiteElo "2760"]
[BlackElo "2620"]
[Annotator ""]
[Source ""]
[Remark ""]

1.e4 e5 2.Nf3 Nc6 3.Bb5 a6 4.Ba4 Nf6 5.d3 {Fischer was a fan of some of Steinitz's opening ideas.}
{Here he borrows another plan from First World} {Champion. The opening strategy is not very ambitious,}
{but Bobby probably wanted to sidestep special opening} {analysis preapred by the Soviet "team".}
d6 6.c3 Be7 7.Nbd2 O-O {Smyslov is following traditional principles of}
{development and has a very solid position. Fischer has} {chosen to delay castling, and takes advantage of the}
{vacancy at f1 to reposition his knight at f1, heading to} {g3. This maneuver is usually seen only after White has}
{castled and shifted the rook to e1.} {} 8.Nf1 b5 9.Bb3
d5 {Bobby criticised this move as a waste of time, but it is}
{considered just as good as the alternative strategy with} {...Na5 and ...c5. White has spent enough time shuffling}
{the knight that the maneuver d7-d6-d5 doesn't hurtl} {Indeed, Black is just two moves away from connecting}
{the rooks and completing developmntm while White has} {at least four steps to go. In addition, Black often plays}
{the pawn first to d6, then to d5, in many variations. So} {Smyslov's choice is correct, despite Bobby's}
{misgivings.} 10.Qe2 dxe4 {Fischer claimed that this move opens the position}
{prematurely, but decades later, it remains the main line.} {Indeed, Black is ahead in development and therefore}
{benefits from a more open game. Bobby may have} {thought that such play by Black is a bit impudent, but his}
{choice of a slow opening plan opened the door.} 11.dxe4 Be6
{!?} {A bold choice by Smyslov, who offers Fischer the} {chance to double Black's pawns. However, Smyslov}
{had good intuitions about such things, and the decision} {is correct.}
12.Bxe6 fxe6 13.Ng3 Qd7 14.O-O ( 14.a4 {leads to a messier position and during the game Fischer}
{regretted that he didn't strolled down that path.} ) Rad8 {Black owns the d-file, and will use it to exchange}
{queens. The resulting endgame is not in White's favor,} {despite Black's doubled pawns.}
{} 15.a4 Qd3 {!} 16.Qxd3 Rxd3 17.axb5 axb5 18.Ra6 {!} {This has to be played right away, as otherwise Black}
{can play ...Bc5 and retreat to b6, eliminating the} {pressure on the 6th rank.}
Rd6 {This sets up a nice trick. Black can play ...Nd4, leading}
{to a series of exchanges which eliminate any difficulties.}
19.Kh1 {!} {Fischer anticipates Smyslov's plan and shifts his king to}
{the corner, out of the checking range of a knight at d4.} {}
Nd7 {?!} {Here, and at the next turn, Smyslov had a chance to
}
{take the initiative on the queenside by advancing the
}
{pawn to b4. Black's pawn at b5 is weak, but it is not
}
{under attack. Still, it is usually a good idea to get rid of
}
{weaknesses. Fischer doesn't manage to exploit this one
}
{for a long time, but in the end it is a significant cause of
}
{Blacki's demise.} 20.Be3 Rd8 {?} {!} 21.h3 {?!} {Fischer wrote that at the time he just did'nt appreciate}
{the importance of the queenside situation. He could} {have easily cemented his target by playing b4, but}
{doesn't get around to it until move 26.} h6 {Yet another opportunity for ...b4 slips by, and there}
{won't be many more.} 22.Rfa1 {By doubling rooks on the a-file, Bobby prepares to}
{invade Black's home rank.} Ndb8 {Smyslov unleashes his own rook battery with the same}
{goal.} 23.Ra8 Rd1+ 24.Kh2 Rxa1 25.Rxa1 {} Nd7 {?} {This was Smyslov's last chance to push the pawn. When}
{he spoke to Fischer after the game by telephone} {(Fischer had to play from New York, as he was not}
{allowed to travel to Cuba), he already knew that it was} {his strategic mistake that cost him the game.}
26.b4 {!} {Finally Bobby catches on, and insures that the weak}
{pawn will remain in place.} Kf7 {Black supports his weak pawn at e6 with the king. This is}
{appropriate in the endgame, where the absence of} {queens makes it hard for White to mount any serious}
{attack on the king.} 27.Nf1 {Rarely does the Spanish knight backtrack to the}
{queenside via its pivot square at f1! However, the action} { lies on the queenside, so the knight must get over}
{there somewhere.} Bd6 28.g3 {Fischer liked to play with the initiative, but he always}
{appreciated the iportance of taking time to understand} {enemy threats and put an end to them. Black's arsenal}
{included the possibility of ...Nd4, since if White captures}
{it with the c-pawn, Black can recapture with the e-pawn,} {delivering a discovered check to the enemy king and}
{picking off the bishop at e3. So Bobby planted the pawn} {at g3 to eliminate such tricks.}
Nf6 29.N1d2 Ke7 30.Ra6 {This forces Smyslov to set up a very passive, defensive}
{position. He was already getting a bit depressed about} {his chances in the game.  Though the posiiton doesn't}
{look all that bad, White's initiative is deadly.} {} Nb8
31.Ra5 {!} c6 {Another small weakness is created, The sum of Black's}
{little weaknesses is a big problem.} 32.Kg2 Nbd7 33.Kf1 {In the endgame, the king usually belongs in the center}
{so that it can operate on either flank.} Rc8 {?} {A more active plan was availalbe,m and this is just too}
{oassive.} ( 33...Ne8 {!} {was the right move. The idea is to bring the knight to}
{c7, then offer an exchange of rooks with ...Ra8. White} {still has a nagging advantage, but the game is not}
{beyond salvation.} ) 34.Ne1 {!} {Bobby spots the knight retreat first, and quickly}
{prepares to get his knight to d3, after which the c-break} {will be effective. Black no longer has time to carry out}
{the defensive maneuver mentioned in te previous note,} {though he does try.}
Ne8 35.Nd3 Nc7 36.c4 {!} {This perfectly timed break leads to a winning position.}
{Black uis just too tied down. Fischer keeos adjusting the} {belts and chains while he establishes a powerful passed}
{pawn on the queenside.} {} bxc4 37.Nxc4 Nb5 38.Ra6 {Black's weak pawns are under tremendous pressure.}
Kf6 {The Black king is tethered to the e-pawn, which needs} {defense. There was no aleternative.}
( 38...Nb8 39.Ra8 Nc7 {gets demolished by} 40.Nxd6 {!} Kxd6 41.Bc5+
Kd7 42.Nxe5+ {and if} Kd8 {there is the neat tactical trick}
43.Rxb8 {!} Rxb8 44.Nxc6+ Kc8 45.Nxb8 Kxb8 46.Bd6 {when the exchange of minor pieces leads to an easy}
{winning king and pawn endgame.} ) 39.Bc1 {!} {The bishop is repositioned so that it can strike at the}
{weak pawn at e5.} Bb8 40.Bb2 c5 41.Nb6 {Inefficient, but the game is going to be a win in any case.}
( 41.Ra5 {!} cxb4 42.Ncxe5 {might well have forced resignation.} )
Nxb6 42.Rxb6 c4 43.Nc5 c3 {Smyslov resigned without waiting for Fischer to retreat}
{the bishop to c1. Then the threat is not just at e6, but} {also a major fork at d7, hitting the king and bishop at b8.}
{} {} 1-0

[Event "World Championship Match"]
[Site "Reykjavik (Iceland)"]
[Date "1972.07.27"]
[Round "8"]
[White "Bobby Fischer (USA)"]
[Black "Boris Spassky (FRA)"]
[Result "1-0"]
[WhiteElo "2785"]
[BlackElo "2660"]
[Annotator "Eric Schiller"]
[Source ""]
[Remark "Exchang sacrifice, fork"]

{This game shows Fischer using a standard fork tric to trip up a World Champion in the title match!} 1.c4
c5 2.Nc3 Nc6 3.Nf3 Nf6 4.g3 g6 5.Bg2 Bg7 6.O-O O-O {The symmetrical variation of the English Opening is a}
{flexible formation. Both sides have the option to place a} {pawn in the center at almost any time, though they can}
{also develop more modestly. In this game, White} {decides to grab a piece of the center.}
{} 7.d4 {Naturally Bobby chooses the most aggressive} {continuation.}
cxd4 8.Nxd4 Nxd4 9.Qxd4 d6 10.Bg5 {Fischer explores less familiar territory than the}
{then-common 10.Qd3.} Be6 {It is more common for Black to kick the bishop  with}
{...h6. Fischer doesn't give Spassky a second chance.} 11.Qf4
{Black was threatening to move the knight to d5,
} {exposing the queen to attack. So Bobby shifts it, also}
{stopping Black from kicking th bishop. He also
} {prepares to infiltrate at h6 when convenient.}
Qa5 {Black should probably have chosen ...Rab8} {immediately.}
{} 12.Rac1 {Both sides have almost completed development. The}
{rooks can see each other, and all that remains is to} {centralize one of them. The rook moves to protect the}
{knight, so that White
} {can later play b3, supporting the pawn at c4.}
Rab8 13.b3 Rfc8 14.Qd2 a6 15.Be3 {Both sides have completed development, so}
{maneuvering and repositioning pieces is not a waste of} {time. It isn't clear how Black should proceed, but there}
{is general agreement that Spassky over-reached a bit} {with his next move.}
{} b5 {?} {It is clear that Black must play on the queenside, but
}
{commentators were quick to offer a whole slew of
}
{alternatives. The problem with the move is that it opens} {up the long diagonal, so that the White bishop at g2}
{becomes even more powerful.} ( 15...Rc7 16.Rfd1 Rbc8 {=} {Gligoric} )
( 15...Bd7 16.Ba7 Ra8 17.Bd4 Bc6 18.e4 b5 {=} {Smyslov} )
( 15...Qh5 {Flohr} ) 16.Ba7 {!} bxc4 {Spassky of course did not overlook the loss of his rook}
{for the enemy bishop. He felt that his pressure on the} {queenside would be sufficient compensation. However,}
{it turns out that the exchange sacrifice is a bad strategy}
{in this position, as White has more resources than might} {appear at first glance.}
( 16...Ra8 {would yield the rook to White's other bishop. It might}
{seem logical to want to get rid of the light square} {bishop, but in fact White's dark square bishop could}
{then retreat to take up a powerful post at d4.} ) 17.Bxb8 Rxb8
18.bxc4 Bxc4 19.Rfd1 {Surely both sides were able to calculate this position}
{back when Spassky played 15...b5. I suspect that} {Spassky, when he actually reached this position, knew}
{that his strategy had failed, and perhaps that explains} {his blunder on the next move.}
{} Nd7 {??} {Black's position is in bad shape, but Spassky's choice is}
{suicidal.} ( 19...Kf8 $16 {Gligoric} ) ( 19...Be6 $16 {Flohr} )
( 19...Qe5 20.Rb1 Rxb1 21.Rxb1 h5 $14 {Krogius} ) ( 19...Qh5
$14 {Smyslov} ) 20.Nd5 {!} {Because Black's bishop at c4 is still under attack, this}
{move is simply devastating. All Spassky can do now is} {try to find the path of greatest resistance. Perhaps his}
{morale was broken, but he rolled over like a circus} {animal.}
Qxd2 {?} {This leads by force to an endgame so bad that no player}
{in their right mind should even consider it. But what else}
{was there?} 21.Nxe7+ Kf8 22.Rxd2 Kxe7 23.Rxc4 Rb1+ 24.Bf1 {White is up the exchange (rook for knight) and has a
}
{better pawn structure. As this was a World
} {Championship match, Spassky bravely fought on, but
}
{the situation is already hopeless.} {} Nc5 25.Kg2 a5 {!}
{If there is any hope, it lies on the a-file.} 26.e4 Ba1 {This is played to keep the bishop alive after Black plays}
{...f6, which will be necessary in the battle over e5.} 27.f4
f6 28.Re2 Ke6 29.Rec2 Bb2 30.Be2 h5 {?!} {The weaklening of the kingside was not needed, though}
{Black is unlikely to survive in any case.} 31.Rd2 Ba3 {The only question here is whether Spassky can survive}
{to reach time control at move 40, adjourn the game and} {resign out of public sight. Fischer shows no compassion}
{and finishes off the game efficiently.} {} 32.f5+ {!} gxf5
33.exf5+ Ke5 ( 33...Kxf5 34.Rxc5+ {!} dxc5 35.Bd3+ Ke5 36.Bxb1
{with an extra rook for White.} ) 34.Rcd4 Kxf5 35.Rd5+ Ke6 36.Rxd6+
Ke7 37.Rc6 {Black resigned. Although down only an exchange, Black}
{will now lose the h-pawn, and White's h-pawn will} {become a queen before too long.}
{} { } 1-0